期刊信息 |
| 索取号 |
Z89/HNYH
|
| 题名 |
海内与海外
|
| 作者 |
该杂志社
|
| 分册号 |
|
| 分册名 |
|
| 出版地 |
北京
|
| 出版者 |
该杂志社
|
| 标准刊号 |
1002-3801
|
| 出版频率 |
月刊
|
| 中图法分类 |
Z89
|
| 主题词 |
文摘; 索引
|
| 电子资源 | |
| |
|
| 000 | 01115nas002200361 45 | |
| 001 | 1196030768 | |
| 005 | 20070409170259.85 | |
| 011 | @a1002-3801@dCNY4.80(2004) | |
| 091 | @aCN@b11-2824/D | |
| 092 | @aCN@b82-764 | |
| 100 | @a19930618a19919999me y0chiy0121 eb | |
| 101 | 0 | @achi |
| 102 | @aCN@b110000 | |
| 110 | @aafaz 0yu0 | |
| 200 | 1 | @a海内与海外@AHAI NEI YU HAI WAI@dAt home and overseas@f该杂志社@FGai Za Zhi She@zeng |
| 207 | 0 | @a创刊号(1991,10,1)~=总1~ |
| 210 | @a北京@b北京市北新桥三条4号(邮码100007)@c该杂志社@d1991~ | |
| 215 | @d26cm | |
| 300 | @a刊名遴字为孙中山先生墨迹 | |
| 326 | @a月刊 | |
| 327 | 0 | @a中华大地@a侨界人物@a侨联工作@a侨乡拾贝@a统一心声 |
| 510 | 1 | @aAt home and overseas@zeng |
| 540 | 1 | @a海内 海外 @AHAI NEI HAI WAI |
| 606 | 0 | @a文摘 |
| 606 | 0 | @a索引 |
| 676 | @a325.251@v19 | |
| 676 | @a323.11@v19 | |
| 690 | @aZ89@v4 | |
| 701 | 0 | @a黄浪华@AHUANG LANG HUA@4主编 |
| 701 | 0 | @a该杂志社@AGai Za Zhi She |
| 711 | 02 | @a中华全国归国华侨联合会@AZHONG HUA QUAN GUO GUI GUO HUA QIAO LIAN HE HUI@4主办 |
| 801 | 0 | @aCN@bPFT@c20070409 |
| 905 | @dZ89@eHNYH | |
| 海内与海外=At home and overseas/该杂志社.-创刊号(1991,10,1)~=总1~.-北京(北京市北新桥三条4号(邮码100007)):该杂志社,1991~ |
| 26cm |
| 刊名遴字为孙中山先生墨迹 |
| 部分内容:中华大地;侨界人物;侨联工作;侨乡拾贝;统一心声 |
| ISSN 1002-3801:CNY4.80(2004) |
| ● |
| 相关链接: |
|
|
|
|